00396nam a2200133Ia 4500008004100000082001400041100001500055245004000070260001900110600001200129942000700141952009700148999001700245241002s9999 xx 000 0 und d a923.1 ALL aAllana, G. 0aQuaid-e-Azam Jinnah Story of Nation aKarachi:c1967 aHistory cUC 00104070aUITUbUITUd1994-01-01l0o923.1 ALLpUC147r2024-10-02 09:31:09w2024-10-02yUC c18474d18474